PRESTRESSED CONCRETE DESIGN (Record no. 18317)

MARC details
000 -LEADER
fixed length control field 00326nam a22001457a 4500
003 - CONTROL NUMBER IDENTIFIER
control field SGT
020 ## - INTERNATIONAL STANDARD BOOK NUMBER
International Standard Book Number 9789332513754
082 ## - DEWEY DECIMAL CLASSIFICATION NUMBER
Classification number 625.84,NAG
100 ## - MAIN ENTRY--PERSONAL NAME
Personal name NAGARAJAN ,PRAVEEN
245 ## - TITLE STATEMENT
Title PRESTRESSED CONCRETE DESIGN
260 ## - PUBLICATION, DISTRIBUTION, ETC. (IMPRINT)
Place of publication, distribution, etc CHENNAI
Name of publisher, distributor, etc PEARSON
Year of Publication 2013
300 ## - PAGE DESCRIPTION
No. of Pages 309
650 ## - SUBJECT ADDED ENTRY--TOPICAL TERM
Topical term or geographic name as entry element CIVIL ENGINEERING
942 ## - ADDED ENTRY ELEMENTS (KOHA)
Source of classification or shelving scheme Dewey Decimal Classification
Koha item type Books
Holdings
Withdrawn status Lost status Source of classification or shelving scheme Damaged status Use restrictions Not for loan Collection code Home library Current library Shelving location Date acquired Vendor Name Cost, normal purchase price SGTU Bill Number Full call number Accession No. (Barcode) Date last seen Bill Date Koha item type Total Checkouts Total Renewals Date last borrowed
    Dewey Decimal Classification   Restricted Access Not For Loan ENGINEERING SGT Engineering Library SGT Engineering Library Reference Book 18/06/2019 KIRTI PRAKASHAN 449.00 SGTU IN3435 625.84,NAG FE7376 18/06/2019 29/03/2019 Books      
    Dewey Decimal Classification       ENGINEERING SGT Engineering Library SGT Engineering Library Text Book 18/06/2019 KIRTI PRAKASHAN 449.00 SGTU IN3435 625.84,NAG FE7377 29/11/2019 29/03/2019 Books 3 1 15/11/2019